THEORIES and manifestoes of contemporary architecture

Gespeichert in:
Bibliographische Detailangaben
Format: Buch
Sprache:Englisch
Veröffentlicht: Wiley Academy 2006
Tags: Tag hinzufügen
Keine Tags, Fügen Sie den ersten Tag hinzu!

MARC

LEADER 00000nam a22000007a 4500
008 201223b ||||| |||| 00| 0 eng d
245 |a THEORIES and manifestoes of contemporary architecture  |c edited by Charles Jancks and Karl Kropf 
250 |b 2nd ed.   |c JANCKS, Charles and KROPF, Karl 
260 |b Wiley Academy  |c  2006  |h West Sussex  |i  663427  |i 663428  |l NA2500 .T34  |m Architecture Modern – 20th Century  |m Architecture Modern – 20th Century – Philosophy.  |m Architecture Modern – 21st Century  |m Architecture Modern – 21st Century – Philosophy. 
942 |a lcc  |c BK  |e ADEYEYE Y. S.  |f 23/12/2020 
952 |0 0  |1 0  |2 lcc  |4 0  |6 NA2500 T34  |7 0  |9 1168  |a HOL  |b HOL  |c LP  |d 2020-12-23  |l 0  |o NA2500 .T34  |p 2020-230374  |r 2020-12-23 00:00:00  |w 2020-12-23  |y BK 
952 |0 0  |1 0  |2 lcc  |4 0  |6 NA2500 T34  |7 0  |9 1178  |a HOL  |b HOL  |c LP  |d 2020-12-23  |l 0  |o NA2500 .T34  |p 2020-230384  |r 2020-12-23 00:00:00  |w 2020-12-23  |y BK 
999 |c 611  |d 611